| 000 | 00756nam a22002297a 4500 | ||
|---|---|---|---|
| 003 | BD-DhJNU | ||
| 005 | 20241118062224.0 | ||
| 008 | 241118b |||||||| |||| 00| 0 eng d | ||
| 020 | _a9789845060448 | ||
| 040 |
_aBD-DhJNU _bENG _cBD-DhJNU _dBD-DhJNU |
||
| 082 |
_223 _a954.92082 RIS |
||
| 245 |
_aRising from the ashes : _bwomen's narratives of 1971 / _cedited by Shaheen Akhtar... [etl.]. ; translated by Niaz Zaman |
||
| 260 |
_aDhaka : _bUniversity Press, _c2019. |
||
| 300 |
_a xviii, 284 p. : _bill. ; _c22 cm. |
||
| 490 | _a Road to Bangladesh series | ||
| 650 | _aWomen Crimes against | ||
| 650 | _aHistory | ||
| 650 | _aHistory of Bangladesh | ||
| 700 |
_aAkhtar, Shaheen _eeditor |
||
| 700 |
_aZaman, Niaz _etranslator |
||
| 942 |
_2ddc _cBK _n0 |
||
| 999 |
_c943 _d943 |
||